000 00439nam a2200181Ia 4500
001 11337
005 20260306162820.0
008 260306t1983||||xx |||||||||||||| ||spa||
041 _aESP
082 _a985.02
_bT25
100 _aTauro, Alberto
_eAUT
245 0 _aDestrucción de los indios y otros ensayos
260 _c1983
300 _aiv, 106 páginas :
_c18 cm.
650 _aGEN
654 _aCHU
942 _cLIB
_dJUS
_fJUS
_2ddc
_n
999 _c11337
_d11337